| 000 | 00693nam a22002175i 4500 | ||
|---|---|---|---|
| 001 | 54087 | ||
| 003 | ES-MaACL | ||
| 005 | 20250912063039.0 | ||
| 007 | t| | ||
| 008 | 960710s1895 it ||||1| ita d | ||
| 040 |
_aCAM _bspa _cCAM |
||
| 100 | 1 |
_aFerri, Enrico, _d1856-1929 _950564 |
|
| 245 | 1 | 2 |
_aL'omicidio-suicidio _b: responsabilitá giuridica / _cEnrico Ferri. |
| 250 | _a4ª ed. amp. | ||
| 260 |
_aTorino : _bFratelli Bocca editori, _c1895 ( _ePinerolo : _fTipografia Chiantore-Mascarelli) |
||
| 300 |
_aXXIII, 295 p., [2] h. pleg. ; _c24 cm. |
||
| 650 | 0 | 4 |
_aHomicidio. _913467 |
| 650 | 0 | 7 |
_aSuicidio _2embne _917259 |
| 852 |
_aES-MaACL _jF-9653 |
||
| 999 |
_c54087 _d54087 |
||